| 000 | 01309nam a2200265 a 4500 | ||
|---|---|---|---|
| 001 | 44724 | ||
| 003 | BD-RjUL | ||
| 005 | 20211209053915.0 | ||
| 008 | 160720s1946 ii ||||| |||| 00| 0 ben d | ||
| 020 | _c: IRs. 10.00 | ||
| 035 | _a(BD-RjUL)44842 | ||
| 040 |
_aBD-RjUL _bben _cBD-RjUL |
||
| 041 | _aben | ||
| 082 |
_223 _a891.44108 _bDID 1946 |
||
| 100 |
_aদ্বিজেন্দ্রলাল _9137129 |
||
| 245 | 1 | 0 |
_aদ্বিজেন্দ্রলাল গ্রন্থাবলী / _cদ্বিজেন্দ্রলাল ; সম্পাদক : ব্রজেন্দ্রনাথ বন্দ্যোপাধ্যায়, সজনীকান্ত দাস |
| 250 | _a১ম সং. | ||
| 260 |
_aকলিকাতা : _bবঙ্গীয়-সাহিত্য পরিষৎ, _c১৯৪৬ (১৩৫৩) |
||
| 300 |
_a[১০], ৭৩৪ পৃ. : _bচিত্র ; _c২৪ সেমি. |
||
| 650 |
_aবাংলা কবিতা _xসংগ্রহ _9126131 |
||
| 650 |
_aBengali Poetry _xCollections _9137130 |
||
| 700 |
_aবন্দ্যোপাধ্যায়, ব্রজেন্দ্রনাথ, সম্পাদক _9127218 |
||
| 700 |
_aদাস, সজনীকান্ত, সম্পাদক _9124110 |
||
| 942 |
_2ddc _cBK |
||
| 999 |
_c44724 _d44724 |
||